Mario Kart World - Objets - Statistiques

Statistiques générales
  • Ce quiz a été pris 130 fois
  • Le résultat moyen est 12 sur 28
Statistiques - réponses
Objets % Correct
Carapace rouge
92%
Carapace verte
91%
Carapace bleue
82%
Banane
77%
Pièce
64%
Boo
60%
Éclair
56%
Carapace dorée
50%
Fleur de feu
49%
Kamek
46%
Super étoile
45%
Fleur de glace
44%
Bill balle
40%
Champignon turbo
39%
Marteau
39%
Méga champignon
39%
Triple carapaces rouges
38%
Triple carapaces vertes
38%
Bob-omb
36%
Triple bananes
36%
Triple champignons
33%
Champignon turbo doré
28%
Fleur boomerang
26%
Super klaxon
26%
Bloops
22%
Bloc de pièces
17%
Plume acrobate
12%
Snack turbo
7%
Aucun quiz correspondant
Distribution des résultats
% des personnes avec chaque résultat
Percentile par nombre de réponses
Votre historique - résultats
Vous n’avez pas pris ce quiz